LEADER 00702cac0 22002291 450 001 SOBE00051221 005 20160719145820.0 100 $a20160218a00009999|||||ita|0103 ba 102 $aIT 110 $ab 200 1 $a12$fADSI, Associazione dimore storiche italiane 210 $aTorino$cAllemandi & C. 517 1 $aDodici$9SOBE00051222 712 02$a*Associazione *dimore *storiche *italiane$3SOBA00012510$4070 801 0$aIT$bUNISOB$c20160719$gRICA 912 $aSOBE00051221 940 $aC 121 Collana SBN 941 $aC 996 $aDe fisco, & eius priuilegijs$91479935 997 $aUNISOB 998 \\$1001SOBE00051219$12001 $a12 restauri 998 \\$1001SOBE00053148$12001 $a12 restauri LEADER 01625nam 2200373Ia 450 001 996385377303316 005 20221108051147.0 035 $a(CKB)1000000000609239 035 $a(EEBO)2240914667 035 $a(OCoLC)9920451100971 035 $a(EXLCZ)991000000000609239 100 $a19950918d1551 uy | 101 0 $aeng 135 $aurbn||||a|bb| 200 12$aA proclamation set furthe by the Kynges Maiesty, with the aduise of his most honorable privey counsayll, for the valuacion of the shillinges and grotes to a meaner and lower value and rate$b[electronic resource] 210 $a[London?] $cRichardus Grafton typographus Regius excudebat$dM. D. LI. [1551] 215 $a1 sheet ([1] p.) 300 $a"Geuen the last of Aprill, in the v. yere of the reigne of our sayd souereigne Lorde king Edward the vi." 300 $aReproduction of original in: Society of Antiquaries. 330 $aeebo-0147 606 $aDevaluation of currency$zEngland$y16th century 606 $aMonetary policy$zEngland 607 $aGreat Britain$xHistory$yEdward VI, 1547-1553 608 $aBroadsides$zLondon (England)$y16th century.$2rbgenr 615 0$aDevaluation of currency 615 0$aMonetary policy 701 $aEdward$cKing of England,$f1537-1553.$01002269 801 0$bEBK 801 1$bEBK 801 2$bWaOLN 906 $aBOOK 912 $a996385377303316 996 $aA proclamation set furthe by the Kynges Maiesty, with the aduise of his most honorable privey counsayll, for the valuacion of the shillinges and grotes to a meaner and lower value and rate$92305717 997 $aUNISA